| 000 | 00885nam a22002537a 4500 | ||
|---|---|---|---|
| 999 |
_c6614 _d6614 |
||
| 003 | AR-CdUCM | ||
| 008 | 190318b ||||| |||| 00| 0 spa d | ||
| 020 | _a84-253-0925-5 | ||
| 040 |
_aMUNICIPALIDAD PROVINCIAL DEL CUSCO _cBIBLIOTECA MUNICIPAL DEL CUSCO |
||
| 041 | _hita | ||
| 082 |
_22ed. _a504 / _bM95 |
||
| 100 |
_aPorati, Alfredo _918605 |
||
| 245 | _aEl mundo de la ciencia / | ||
| 260 |
_aBarcelona : _bGrijalbo, _c1978. |
||
| 300 |
_a212 páginas ; _bIlustraciones, _c28 cm. |
||
| 505 | _aContenido: v.1 -- La materia y la energía -- La física de las moléculas -- El espacio -- v.2 -- La tierra -- La ciencia al servicio del hombre ... | ||
| 650 |
_aCiencias naturales _910176 |
||
| 650 |
_aEnciclopedias _96681 |
||
| 700 |
_aFavilla, Roberto _918606 |
||
| 700 |
_aGori, Massimo _918607 |
||
| 700 |
_aTagliavini, Sergio _918608 |
||
| 942 |
_2ddc _cLIBROS |
||
| 945 | _aacv | ||